000 00661nam a2200229 i 4500
001 106132
003 ES-MaACL
005 20250702194159.0
007 t|
008 061003s1945 fr ||||1| fre d
080 _a329(44) P.C.F.
080 _a008(44)
100 1 _aGaraudy, Roger.
_953935
245 1 3 _aLe communisme et la renaissance de la culture française /
_cRoger Garaudy.
260 _aParis :
_bEditions Sociales,
_c1945.
300 _a63 p. ;
_c15 cm.
500 _aBiblioteca Juan Andrade.
610 2 7 _aParti communiste français.
_96125
650 4 _a
_9241209
852 _aES-MaACL
_jAND-Fol-3
_bR.110282
999 _c106132
_d106132